000 01830nam a22001577a 4500
082 _a621
100 _aAbid, Muhammad Anees
_9119697
245 _aTo develop a technique to measure the diameter of crankshaft journal using three point contact /
_cMuhammad Anees Abid
264 _aIslamabad :
_bSMME- NUST;
_c2023.
300 _a55p.
_bSoft Copy
_c30cm
520 _aThe purpose of this project is to design and manufacture the crankshaft inspection machine. This machine will be able to measure the diameter of crankshaft journal using three-point contact for both 3 cylinder and 4 cylinders. The measurement is done using three LVDT sensors with an accuracy of +_1 micron which are pointed towards the center of the crankshaft journal. The sensors are attached with the C type block mechanism that takes the readings over defined intervals. Two centers, Head stock and pneumatic tail stock are used to hold the crankshaft in place while inspection. Sensors are stationary and the crankshaft rotates by the means of stepper motor attached via belt. Three-point measurement is done by calculating the coordinates of all three points and then by using the least square approximation method, the radii is calculated by simultaneously solving the circle equations. The accuracy and precision is specified by the drawings provided by OEM. The design is optimized to take readings for the journals in such a way that radial alignments of probes become irrelevant. It is mainly due to innovative arrangement that allows point contact to the journal surface and has not been seen in precision measurement industry.
650 _aMS Mechanical Engineering
_9119495
700 _aSupervisor : Prof. Dr. Riaz Ahmed Mufti
_9119679
856 _uhttp://10.250.8.41:8080/xmlui/handle/123456789/34610
942 _2ddc
_cTHE
999 _c607331
_d607331